Who is the best Smash Ultimate Player for each letter of the alphabet? - Statistics

General Stats
  • This quiz has been taken 20 times
  • The average score is 13 of 32
Answer Stats
Hint Answer % Correct
a acola
100%
m Miya
94%
s Sonix
88%
h Hurt
82%
r Raru
82%
t Tweek
82%
l Light
76%
d Doramigi
65%
z Zomba
65%
3 33Peranbox
59%
k KEN
53%
o Onin
53%
y Yaura
47%
b Big D
41%
g Gluttony
41%
p Peabnut
41%
c Carmelo
35%
u Umeki
35%
j Jogibu
29%
n Neo
29%
w Wrath
29%
i IcyMist
24%
f Fui
18%
q Quandale Dinglelingleton
18%
Ω ΩRugal
18%
e Eik
12%
v Vanilla
12%
2 2scary
0%
9 9wolf
0%
$ $BK
0%
@ @pinkbombo91
0%
x Xaik
0%
No matching quizzes found
Score Distribution
Percent of People with Each Score
Percentile by Number Answered
Your Score History
You have not taken this quiz